African Countries by Clue - Statistics

General Stats
  • This quiz has been taken 19 times
  • The average score is 22 of 25
Answer Stats
Hint Country % Correct
Largest country in Africa (2.382 million km²) Algeria
100%
Pyramids Egypt
100%
Completely surrounded by South Africa Lesotho
100%
Nelson Mandela South Africa
100%
Newest country on the continent (2011) South Sudan
100%
Capital City is N'Djamena Chad
95%
Changed its name in April 2018 Eswatini
95%
Flag is light blue with a white star in the centre Somalia
95%
Mount Kilimanjaro Tanzania
95%
Poorest country by GDP per capita in 2020 ($771) Burundi
89%
Only African country with Spanish as an official language Equatorial Guinea
89%
Colonised by Italy in 1890 Eritrea
89%
Omo Valley is home to 8 different tribes in this country Ethiopia
89%
The "cleanest" country on the continent Rwanda
89%
Borders Guinea and Liberia Sierra Leone
89%
Christianity is the dominant religion in this West African Nation (43.7%) Togo
89%
Archipelago located west of Madagascar Comoros
84%
Currency is the Ouguiya Mauritania
84%
Least densely populated country Namibia
84%
Okavango Delta Botswana
79%
Country with largest market on the continent Burkina Faso
79%
Ongoing civil war in this country since December 2012 Central African Republic
79%
Ex-Footballer now President of this country Liberia
79%
National Football Team won AFCON in 2012 Zambia
79%
Capital City hosts military bases belonging to 8 different countries Djibouti
68%
No matching quizzes found
Score Distribution
Percent of People with Each Score
Percentile by Number Answered
Your Score History
You have not taken this quiz